[Event "2BLW 1718 SG Bochum 31 - SG Solingen"]
[Site "?"]
[Date "2017.11.12"]
[Round "3.2"]
[White "Hendriks, Willy"]
[Black "Jussupow, Artur"]
[Result "1/2-1/2"]
[WhiteElo "2401"]
[BlackElo "2585"]
[PlyCount "36"]
[EventDate "2017.??.??"]

1. g3 d5 2. Nf3 c6 3. b3 Bg4 4. Bg2 Nd7 5. Bb2 Ngf6 6. O-O e6 7. d3 Bd6 8. Nbd2
O-O 9. h3 Bh5 10. e4 e5 11. Qe1 Re8 12. Nh4 Nc5 13. Kh1 Bc7 14. a3 a5 15. Nf5
Bg6 16. Nh4 Bh5 17. Nf5 Bg6 18. Nh4 Bh5 1/2-1/2

[Event "2BLW 1718 SG Bochum 31 - SG Solingen"]
[Site "?"]
[Date "2017.11.12"]
[Round "3.3"]
[White "Wegerle, Joerg"]
[Black "Kotainy, Jens"]
[Result "0-1"]
[WhiteElo "2425"]
[BlackElo "2411"]
[PlyCount "88"]
[EventDate "2017.??.??"]

1. e4 e6 2. d4 d5 3. exd5 exd5 4. Nf3 Nf6 5. Bg5 h6 6. Bh4 Be6 7. Nbd2 Nbd7 8.
c3 g5 9. Bg3 Nh5 10. Bd3 Nxg3 11. hxg3 Qf6 12. Qa4 Bd6 13. Nf1 c6 14. Ne3 h5
15. Qc2 O-O-O 16. O-O-O Kb8 17. Kb1 Rde8 18. Qd2 Bc7 19. Rde1 h4 20. gxh4 gxh4
21. Ng1 c5 22. Bc2 cxd4 23. cxd4 Nb6 24. b3 Bd6 25. Nh3 Rhg8 26. Re2 Rc8 27. f3
Qe7 28. Nd1 Bb4 29. Qe3 Qc7 30. Qd3 a6 31. Ne3 Bd7 32. a4 Qd6 33. Nf5 Qf6 34.
Qe3 Rxc2 35. Kxc2 Bxf5+ 36. Kb2 Bd6 37. Qd2 Ka7 38. Qe3 Bd7 39. Qd3 Rg3 40. Ka2
Be6 41. Qc3 Nd7 42. Rb2 Qe7 43. Re2 Nb8 44. Qe3 Qf6 0-1

[Event "2BLW 1718 SG Bochum 31 - SG Solingen"]
[Site "?"]
[Date "2017.11.12"]
[Round "3.4"]
[White "Goudriaan, Etienne"]
[Black "Schroeder, Kevin"]
[Result "0-1"]
[WhiteElo "2372"]
[BlackElo "2313"]
[PlyCount "102"]
[EventDate "2017.??.??"]

1. d4 Nf6 2. c4 c5 3. d5 e6 4. Nc3 exd5 5. cxd5 d6 6. e4 g6 7. f4 Bg7 8. Bb5+
Nfd7 9. a4 O-O 10. Nf3 Na6 11. O-O Nb4 12. Re1 Re8 13. Qb3 a6 14. Bf1 Qb6 15.
Bc4 Qc7 16. h3 b5 17. axb5 Nb6 18. Bf1 axb5 19. Nxb5 Qd7 20. Rxa8 Nxa8 21. e5
dxe5 22. fxe5 Nb6 23. e6 fxe6 24. dxe6 Qd5 25. Qxd5 N4xd5 26. Ng5 Bf8 27. Na7
Bb7 28. b3 Nb4 29. Bb5 Re7 30. Bb2 h6 31. Nf7 Bd5 32. Ne5 Rxe6 33. Re3 Bg7 34.
Rg3 g5 35. Nd3 Bxb2 36. Nxb2 Re7 37. Nc4 Bxc4 38. bxc4 Rxa7 39. h4 Rg7 40. Re3
gxh4 41. Re6 Nd7 42. Rxh6 Ne5 43. Rh5 Nbd3 44. Kf1 Rf7+ 45. Kg1 Rf4 46. g3 hxg3
47. Rg5+ Kf7 48. Rxg3 Nb2 49. Rc3 Nbxc4 50. Kg2 Ke6 51. Kg3 Rd4 0-1

[Event "2BLW 1718 SG Bochum 31 - SG Solingen"]
[Site "?"]
[Date "2017.11.12"]
[Round "3.5"]
[White "Schaefer, Markus"]
[Black "Schlawin, Marlon"]
[Result "1/2-1/2"]
[WhiteElo "2401"]
[BlackElo "2353"]
[PlyCount "81"]
[EventDate "2017.??.??"]

1. e4 e6 2. d4 d5 3. Nd2 c5 4. Ngf3 Nf6 5. exd5 Nxd5 6. c3 Nc6 7. Nb3 cxd4 8.
Nbxd4 Nxd4 9. Nxd4 Bd6 10. Bd3 O-O 11. O-O Qf6 12. Nf3 Bf4 13. Qe2 Bxc1 14. Qe4
Qg6 15. Qxg6 hxg6 16. Rfxc1 Bd7 17. Ne5 Rfd8 18. Be4 Be8 19. Rd1 Rac8 20. Bxd5
Rxd5 21. Rxd5 exd5 22. Rd1 f6 23. Ng4 Bf7 24. Ne3 Rc5 25. a3 Kf8 26. h4 Ke7 27.
Kf1 Kd6 28. c4 Ke5 29. b4 Rc8 30. cxd5 Rd8 31. Rc1 Rd7 32. Ke2 Bxd5 33. Nxd5
Kxd5 34. Rd1+ Ke6 35. Rxd7 Kxd7 36. Kd3 Kd6 37. Kd4 b6 38. a4 Ke6 39. Ke4 Kd6
40. Kd4 Ke6 41. Ke4 1/2-1/2

[Event "2BLW 1718 SG Bochum 31 - SG Solingen"]
[Site "?"]
[Date "2017.11.12"]
[Round "3.6"]
[White "Hengelbrock, Joachim"]
[Black "Schlecht, Daniel"]
[Result "1/2-1/2"]
[WhiteElo "2292"]
[BlackElo "2378"]
[PlyCount "28"]
[EventDate "2017.??.??"]

1. e4 c6 2. d4 d5 3. exd5 cxd5 4. Bd3 Nc6 5. c3 Qc7 6. Bg5 Nf6 7. Bxf6 gxf6 8.
Qf3 Qd8 9. Ne2 e5 10. Bf5 e4 11. Qh3 Ne7 12. Bxc8 Qxc8 13. Qxc8+ Rxc8 14. Na3
Rc6 {(=)} 1/2-1/2

[Event "2BLW 1718 SG Bochum 31 - SG Solingen"]
[Site "?"]
[Date "2017.11.12"]
[Round "3.7"]
[White "Berg, Michael"]
[Black "Werthebach, Felix"]
[Result "1-0"]
[WhiteElo "2312"]
[BlackElo "2172"]
[PlyCount "61"]
[EventDate "2017.??.??"]

1. c4 f5 2. g3 Nf6 3. Bg2 d6 4. Nc3 g6 5. d3 Bg7 6. e4 Nc6 7. Nge2 O-O 8. h3
fxe4 9. dxe4 Be6 10. b3 Qc8 11. Be3 Bd7 12. Rc1 e5 13. Qd2 b6 14. Nd5 a5 15.
O-O Ra7 16. Kh2 Kh8 17. a3 Be6 18. Nec3 Ne8 19. Nb5 Rb7 20. b4 axb4 21. axb4
Nd8 22. Nbc3 Qb8 23. b5 Ra7 24. f4 Nb7 25. f5 gxf5 26. exf5 Bg8 27. Bh6 Nc5 28.
f6 Bxh6 29. Qxh6 Rf7 30. Ne7 Ra3 31. Ng6# 1-0

[Event "2BLW 1718 SG Bochum 31 - SG Solingen"]
[Site "?"]
[Date "2017.11.12"]
[Round "3.8"]
[White "Backwinkel, Paul"]
[Black "Gupta, Milon"]
[Result "0-1"]
[WhiteElo "2314"]
[BlackElo "2197"]
[PlyCount "46"]
[EventDate "2017.??.??"]

1. Nf3 d5 2. e3 Nf6 3. c4 e6 4. b3 c5 5. Bb2 Nc6 6. cxd5 exd5 7. Bb5 Be6 8. O-O
Be7 9. Ne5 Rc8 10. Nxc6 bxc6 11. Be2 O-O 12. d3 Nd7 13. Nd2 Bd6 14. f4 f6 15.
Bg4 Re8 16. e4 Nf8 17. g3 Bxg4 18. Qxg4 c4 19. exd5 cxd3 20. Qf3 Bc5+ 21. Kh1
Re3 22. Qg4 Qxd5+ 23. Nf3 h5 0-1

[Event "2BLW 1718 Aachener SV - Klub KÃ¶lner Sc"]
[Site "?"]
[Date "2017.11.12"]
[Round "3.1"]
[White "Strohhaeker, Raoul"]
[Black "Seel, Christian"]
[Result "1-0"]
[WhiteElo "2435"]
[BlackElo "2469"]
[PlyCount "81"]
[EventDate "2017.??.??"]

1. e4 e5 2. Nf3 d6 3. d4 exd4 4. Nxd4 Nf6 5. Nc3 Be7 6. g3 Nc6 7. Nde2 O-O 8.
Bg2 Ne5 9. f4 Ng6 10. Qd3 c6 11. Be3 a5 12. a4 Re8 13. Bd4 Qc7 14. O-O b6 15.
Rfe1 Ba6 16. Qf3 Rad8 17. Rad1 Bb7 18. Bf2 Bf8 19. Nd4 Ba8 20. Nf5 Qb8 21. Bd4
Re6 22. h4 b5 23. axb5 cxb5 24. h5 b4 25. Nd5 Nxe4 26. hxg6 hxg6 27. Nfe3 Qb5
28. Nc7 Nc3 29. Nxb5 Bxf3 30. bxc3 Bxd1 31. Rxd1 d5 32. Bxd5 Ree8 33. cxb4 Bxb4
34. c4 Kf8 35. Kf2 a4 36. Nc2 Be7 37. Nc7 a3 38. Nxe8 Rxe8 39. Ra1 Rb8 40. Nxa3
Rb2+ 41. Bxb2 1-0

[Event "2BLW 1718 Aachener SV - Klub KÃ¶lner Sc"]
[Site "?"]
[Date "2017.11.12"]
[Round "3.2"]
[White "Koch, Thomas"]
[Black "Morawietz, Dieter"]
[Result "0-1"]
[WhiteElo "2489"]
[BlackElo "2420"]
[PlyCount "56"]
[EventDate "2017.??.??"]

1. d4 Nf6 2. c4 e6 3. Nf3 c5 4. d5 exd5 5. cxd5 d6 6. Nc3 g6 7. Nd2 Nbd7 8. e4
Bg7 9. Be2 O-O 10. O-O Re8 11. Qc2 a6 12. a4 Ne5 13. Rb1 g5 14. b4 cxb4 15.
Rxb4 Qc7 16. Ba3 Bg4 17. Qb3 Rac8 18. Rc1 Bxe2 19. Nxe2 Qa5 20. Qb1 b5 21. Rxc8
Rxc8 22. Nd4 Rc3 23. N2b3 Qb6 24. axb5 Nd3 25. Ra4 Nxe4 26. bxa6 Bxd4 27. a7
Rxb3 28. a8=Q+ Kg7 0-1

[Event "2BLW 1718 Aachener SV - Klub KÃ¶lner Sc"]
[Site "?"]
[Date "2017.11.12"]
[Round "3.3"]
[White "Wacker, Peter"]
[Black "Vandenbussche, Thibaut"]
[Result "1/2-1/2"]
[WhiteElo "2323"]
[BlackElo "2401"]
[PlyCount "83"]
[EventDate "2017.??.??"]

1. e4 d6 2. d4 Nf6 3. Nc3 e5 4. dxe5 dxe5 5. Qxd8+ Kxd8 6. Bc4 Ke8 7. Nf3 Bd6
8. Be3 a6 9. a4 b6 10. O-O-O Nbd7 11. Ng5 Rf8 12. f3 h6 13. Nh3 Ke7 14. Nf2 c6
15. Nd3 a5 16. g4 Ne8 17. Ne2 Nc5 18. Bxc5 bxc5 19. b3 h5 20. h3 Nf6 21. Ng3 g6
22. Nf1 Nh7 23. Nd2 Ng5 24. h4 Ne6 25. gxh5 gxh5 26. Rhg1 Rh8 27. Bxe6 Bxe6 28.
Nb2 Rag8 29. Ndc4 Bc7 30. Ne3 Rg6 31. Rxg6 fxg6 32. Rg1 Kf7 33. Nbc4 Re8 34.
Kd2 Re7 35. Kc3 Re8 36. Nd1 Rf8 37. Ndb2 Kg7 38. Nd2 Bd8 39. Nd3 Bxh4 40. Nxc5
Bc8 41. Nd3 Be7 42. Nc4 1/2-1/2

[Event "2BLW 1718 Aachener SV - Klub KÃ¶lner Sc"]
[Site "?"]
[Date "2017.11.12"]
[Round "3.4"]
[White "Piceu, Tom"]
[Black "Helbig, Mark"]
[Result "1/2-1/2"]
[WhiteElo "2356"]
[BlackElo "2357"]
[PlyCount "100"]
[EventDate "2017.??.??"]

1. d4 g6 2. c4 Bg7 3. Nc3 d6 4. e4 e5 5. d5 Nf6 6. Bd3 O-O 7. Nge2 a5 8. O-O
Na6 9. a3 Bd7 10. Rb1 Nc5 11. Bc2 a4 12. Be3 b6 13. f3 Qe8 14. Qd2 Kh8 15. Bxc5
bxc5 16. b4 axb3 17. Rxb3 Ng8 18. Ra1 Bh6 19. Qd3 Qe7 20. Nb5 Bc8 21. a4 f5 22.
Nec3 Rf7 23. a5 Qh4 24. Qe2 Nf6 25. a6 fxe4 26. Nxe4 Nxe4 27. Bxe4 Rxa6 28.
Rba3 Rxa3 29. Rxa3 Bf5 30. g3 Qd8 31. Ra7 Bh3 32. Kf2 Kg7 33. Qd3 Qg5 34. Rxc7
Rxc7 35. Nxc7 Qc1 36. Ne6+ Kf6 37. f4 exf4 38. gxf4 Bxe6 39. dxe6 Qxf4+ 40. Qf3
Kxe6 41. Bd5+ Ke5 42. Qxf4+ Bxf4 43. h3 h5 44. Kf3 Bc1 45. Bf7 Kf6 46. Bd5 g5
47. Bg8 Kf5 48. Bf7 g4+ 49. hxg4+ hxg4+ 50. Kg2 Bf4 {(=)} 1/2-1/2

[Event "2BLW 1718 Aachener SV - Klub KÃ¶lner Sc"]
[Site "?"]
[Date "2017.11.12"]
[Round "3.5"]
[White "Bayer, Ernst-Wolfgang"]
[Black "Jackelen, Thomas"]
[Result "1/2-1/2"]
[WhiteElo "2252"]
[BlackElo "2406"]
[PlyCount "85"]
[EventDate "2017.??.??"]

1. d4 d5 2. Bf4 Nf6 3. e3 c5 4. c3 Nc6 5. Nd2 Bf5 6. Qb3 Qc8 7. dxc5 e5 8. Bg3
Bxc5 9. Bb5 O-O 10. Bxc6 bxc6 11. Bxe5 Nd7 12. Ngf3 Qa6 13. Qd1 Rfe8 14. Bf4
Bd3 15. Nb3 h6 16. Nc1 Bh7 17. Qe2 Qb7 18. O-O a5 19. b3 Bf8 20. Rd1 c5 21. Qd2
Nf6 22. Be5 Ng4 23. Bg3 Rad8 24. Ne2 Nf6 25. c4 a4 26. bxa4 Ne4 27. Qc1 Qa6 28.
Nc3 Nxg3 29. hxg3 dxc4 30. Nd5 Qxa4 31. Nb6 Rxd1+ 32. Qxd1 Qa6 33. Qa4 Qxa4 34.
Nxa4 Ra8 35. Nb6 Ra6 36. Nxc4 Bc2 37. a3 Ra4 38. Nfd2 Be7 39. Rc1 Bf5 40. f3
Kf8 41. Kf2 h5 42. Ke2 Ke8 43. e4 {(=)} 1/2-1/2

[Event "2BLW 1718 Aachener SV - Klub KÃ¶lner Sc"]
[Site "?"]
[Date "2017.11.12"]
[Round "3.6"]
[White "Sonntag, Hans-Hubert"]
[Black "Ludwig, Peter"]
[Result "1/2-1/2"]
[WhiteElo "2350"]
[BlackElo "2160"]
[PlyCount "138"]
[EventDate "2017.??.??"]

1. d4 Nf6 2. Nf3 e6 3. e3 b6 4. Bd3 Bb7 5. O-O d5 6. c4 dxc4 7. Bxc4 a6 8. Nc3
Nbd7 9. Qe2 b5 10. Bd3 c5 11. Rd1 Qb8 12. b3 Bd6 13. h3 O-O 14. Bb2 cxd4 15.
Nxd4 Nc5 16. Bc2 b4 17. Nb1 Bh2+ 18. Kh1 Nfe4 19. Nd2 Be5 20. Nxe4 Nxe4 21. Bd3
Rc8 22. Rac1 Rxc1 23. Rxc1 Qd6 24. Kg1 Rd8 25. Qc2 Nf6 26. f4 Bxd4 27. Bxd4 Qd5
28. Bc4 Qc6 29. Bf1 Qd5 30. Qc7 h6 31. Qb6 Ne4 32. Bc4 Qd7 33. Qxb4 Ng3 34. Qb6
Rc8 35. Rd1 Nf5 36. Rd2 Rc6 37. Qa7 Rd6 38. Qb8+ Kh7 39. Bd3 Qc6 40. Rc2 Qd5
41. Qc7 Rd7 42. Qc5 Qxc5 43. Rxc5 g6 44. Bf1 Nxd4 45. exd4 Kg7 46. Ra5 Rxd4 47.
Bxa6 Bd5 48. g3 Rd2 49. Kf1 Rh2 50. Bc4 Bf3 51. Ra7 Kf6 52. h4 Kf5 53. Rxf7+
Kg4 54. Rf6 Kxg3 55. Rxg6+ Kxf4 56. Rxe6 Rxa2 57. Rxh6 Ke3 58. Re6+ Be4 59. Kg1
Rg2+ 60. Kh1 Rd2+ 61. Kg1 Rg2+ 62. Kh1 Rg4+ 63. Kh2 Kf2 64. Rf6+ Bf3 65. Bf1
Rxh4+ 66. Bh3 Rb4 67. Bg2 Rxb3 68. Bxf3 Rxf3 69. Rxf3+ Kxf3 1/2-1/2

[Event "2BLW 1718 Aachener SV - Klub KÃ¶lner Sc"]
[Site "?"]
[Date "2017.11.12"]
[Round "3.7"]
[White "Bonnmann, Reinhard"]
[Black "Meessen, Rudolf"]
[Result "1-0"]
[WhiteElo "2229"]
[BlackElo "2285"]
[PlyCount "141"]
[EventDate "2017.??.??"]

1. d4 e6 2. c4 f5 3. g3 Nf6 4. Bg2 Be7 5. Nf3 O-O 6. O-O d6 7. Nc3 Nc6 8. d5
Ne5 9. b3 Nxf3+ 10. exf3 e5 11. f4 exf4 12. Bxf4 Ng4 13. h3 Bf6 14. Bd2 Ne5 15.
f4 Nd7 16. Qc2 a5 17. Rae1 Nc5 18. a3 Bd7 19. b4 axb4 20. axb4 Na4 21. Nb5 Bxb5
22. cxb5 Qd7 23. Kh2 Rf7 24. Re6 Qxb5 25. Qxf5 Nc3 26. Rfe1 Bd4 27. Qg4 Nxd5
28. Qf3 Nf6 29. Qxb7 Qxb7 30. Bxb7 Ra2 31. R1e2 Rb2 32. Bc6 g6 33. Be1 Rxe2+
34. Rxe2 Kf8 35. Kg2 Re7 36. Kf3 d5 37. g4 Rxe2 38. Kxe2 Ke7 39. Kd3 Bg1 40.
Bc3 Kd6 41. Bb7 Nd7 42. Ke2 c6 43. Ba6 Bb6 44. Bd3 Bd8 45. g5 Ke6 46. Kf3 Be7
47. h4 Nb6 48. h5 Kf7 49. Bd4 Nc8 50. hxg6+ hxg6 51. f5 Bxg5 52. fxg6+ Kf8 53.
g7+ Kg8 54. Kg4 Bh6 55. Bc5 Bxg7 56. Bf5 Kf7 57. Bxc8 Ke8 58. Bf5 Bc3 59. Bg6+
Kd7 60. Kf5 Bb2 61. Bf7 Bc3 62. Kg6 Bb2 63. Kh7 Bc3 64. Kg8 Be5 65. Bh5 Bd6 66.
Kf7 d4 67. Bg4+ Kc7 68. Ke6 Bxc5 69. bxc5 d3 70. Bd1 d2 71. Ke7 1-0

[Event "2BLW 1718 Aachener SV - Klub KÃ¶lner Sc"]
[Site "?"]
[Date "2017.11.12"]
[Round "3.8"]
[White "Begnis, Nikolaos"]
[Black "Wisskirchen, Andreas"]
[Result "1/2-1/2"]
[WhiteElo "2278"]
[BlackElo "2205"]
[PlyCount "29"]
[EventDate "2017.??.??"]

1. e4 c5 2. Nf3 d6 3. d4 cxd4 4. Nxd4 Nf6 5. Nc3 g6 6. Be3 Bg7 7. f3 O-O 8. Qd2
Nc6 9. Bc4 Bd7 10. O-O-O Qa5 11. Bb3 Rfc8 12. Kb1 Ne5 13. Bg5 Rc5 14. h4 Rac8
15. Bxf6 {(=)} 1/2-1/2

[Event "2BLW 1718 SC Hansa Dortmund - Klub KÃ¶l"]
[Site "?"]
[Date "2017.12.10"]
[Round "4.1"]
[White "Strohhaeker, Raoul"]
[Black "Heberla, Bartlomiej"]
[Result "0-1"]
[WhiteElo "2446"]
[BlackElo "2555"]
[PlyCount "110"]
[EventDate "2017.??.??"]

1. e4 e6 2. d4 d5 3. Nd2 c5 4. exd5 exd5 5. Ngf3 Nc6 6. Be2 Nf6 7. O-O cxd4 8.
Nb3 Be7 9. Nbxd4 O-O 10. Bf4 Qb6 11. Nb5 Bg4 12. Bc7 Qc5 13. c3 Bxf3 14. gxf3
Nd8 15. Bf4 Qc8 16. Re1 Nc6 17. Bd3 Qd7 18. Nd4 Nxd4 19. cxd4 Nh5 20. Bg3 Bf6
21. Qb3 g6 22. Rad1 Rad8 23. Kg2 b6 24. Qb5 Qb7 25. Qa6 Qxa6 26. Bxa6 Ng7 27.
Be5 Bxe5 28. dxe5 Ne6 29. Rd2 Kg7 30. Kg3 Rfe8 31. b4 Re7 32. Rc1 g5 33. h4
gxh4+ 34. Kxh4 f6 35. exf6+ Kxf6 36. Rc6 Rc7 37. Rxc7 Nxc7 38. Bd3 Ne6 39. f4
Rg8 40. Bc2 Nxf4 41. Bxh7 Rg2 42. Rc2 Rg7 43. Rc6+ Ke5 44. Bc2 d4 45. Rc8 d3
46. Bb3 Ke4 47. Rc4+ Kf5 48. f3 Ng6+ 49. Kh3 Ne5 50. Rc8 Nxf3 51. Bd5 Nd4 52.
Rd8 d2 53. Bb3 Ke4 54. Ba4 Rg1 55. Rd7 b5 0-1

[Event "2BLW 1718 SC Hansa Dortmund - Klub KÃ¶l"]
[Site "?"]
[Date "2017.12.10"]
[Round "4.2"]
[White "Lajthajm, Borko"]
[Black "Morawietz, Dieter"]
[Result "0-1"]
[WhiteElo "2442"]
[BlackElo "2420"]
[PlyCount "105"]
[EventDate "2017.??.??"]

1. Nf3 c5 2. c4 Nc6 3. g3 g6 4. Bg2 Bg7 5. Nc3 d6 6. O-O Nh6 7. d3 O-O 8. a3
Rb8 9. Rb1 Nf5 10. Bd2 a6 11. b4 cxb4 12. axb4 b5 13. cxb5 axb5 14. Ne4 Ncd4
15. Nxd4 Nxd4 16. e3 Ne6 17. Qb3 Nc7 18. Bc3 Bxc3 19. Qxc3 Nd5 20. Qd4 Nb6 21.
Rfc1 Bb7 22. Bh3 f5 23. Nd2 e5 24. Qa1 Ra8 25. Qb2 Qe7 26. Bg2 Bxg2 27. Kxg2
Qf7 28. Qb3 Ra2 29. Qxf7+ Kxf7 30. Rc7+ Kg8 31. Nf1 Nd5 32. Rd7 f4 33. gxf4
exf4 34. Rxd6 Nxe3+ 35. Kf3 Nf5 36. Rd7 h5 37. Kg2 Nh4+ 38. Kh3 Nf3 39. Kg2
Nh4+ 40. Kh3 Nf3 41. Kg2 Ne5 42. Rd6 Rf5 43. h4 Ng4 44. Kg1 g5 45. Rg6+ Kf7 46.
Rxg5 Rxg5 47. hxg5 Rxf2 48. Rd1 Re2 49. d4 f3 50. Rd2 h4 51. d5 h3 52. d6 f2+
53. Kh1 0-1

[Event "2BLW 1718 SC Hansa Dortmund - Klub KÃ¶l"]
[Site "?"]
[Date "2017.12.10"]
[Round "4.3"]
[White "Tugui, Adrian"]
[Black "Klyuner, Vyacheslav"]
[Result "0-1"]
[WhiteElo "2380"]
[BlackElo "2439"]
[PlyCount "54"]
[EventDate "2017.??.??"]

1. d4 Nf6 2. Bg5 e6 3. e4 d5 4. Nd2 h6 5. Bxf6 Qxf6 6. e5 Qd8 7. Ngf3 c5 8.
dxc5 Bxc5 9. Nb3 Bb6 10. Bd3 Nc6 11. c3 Bd7 12. h4 Bc7 13. Qe2 Qb8 14. Nc5 Nxe5
15. Nxe5 Bxe5 16. O-O Bc6 17. Qh5 O-O 18. Rae1 Bf6 19. Re3 e5 20. Rg3 e4 21.
Bc2 Qf4 22. Rg4 Qd2 23. Qf5 Kh8 24. Bb3 Rad8 25. Rd1 Qxb2 26. Rf4 b6 27. Na4
Bd7 0-1

[Event "2BLW 1718 SC Hansa Dortmund - Klub KÃ¶l"]
[Site "?"]
[Date "2017.12.10"]
[Round "4.4"]
[White "Mainka, Romuald"]
[Black "Wacker, Peter"]
[Result "1/2-1/2"]
[WhiteElo "2412"]
[BlackElo "2323"]
[PlyCount "53"]
[EventDate "2017.??.??"]

1. e4 e5 2. Nf3 Nc6 3. Bc4 Bc5 4. c3 Nf6 5. d3 a6 6. O-O d6 7. Bb3 Ba7 8. Re1
h6 9. Nbd2 O-O 10. Nf1 Re8 11. h3 Be6 12. Bc2 d5 13. exd5 Bxd5 14. Ng3 Qd7 15.
Be3 Bxe3 16. Rxe3 Re7 17. Qe2 Rae8 18. Nd2 Be6 19. Nc4 Bd5 20. Nd2 Be6 21. Nf3
Bd5 22. Nh4 g6 23. Qd2 Kg7 24. Ree1 Ng8 25. Rf1 Re6 26. f4 Qd8 27. Nf3 1/2-1/2

[Event "2BLW 1718 SC Hansa Dortmund - Klub KÃ¶l"]
[Site "?"]
[Date "2017.12.10"]
[Round "4.5"]
[White "Helbig, Mark"]
[Black "Dr. Scholz, Christian"]
[Result "1/2-1/2"]
[WhiteElo "2346"]
[BlackElo "2371"]
[PlyCount "117"]
[EventDate "2017.??.??"]

1. Nf3 Nf6 2. c4 g6 3. g3 Bg7 4. Bg2 d6 5. d4 O-O 6. O-O Nc6 7. Nc3 Rb8 8. b3
a6 9. a4 e5 10. dxe5 dxe5 11. Ba3 Re8 12. Rc1 e4 13. Ng5 Bf5 14. Nh3 Qxd1 15.
Rfxd1 Na5 16. Bb4 Nc6 17. Ba3 Na5 18. Bb4 Nxb3 19. Rb1 c5 20. Rxb3 cxb4 21.
Rxb4 Bf8 22. Rb2 Rec8 23. Nd5 Nxd5 24. cxd5 b5 25. axb5 axb5 26. Ng5 Rc4 27.
Bh3 Bxh3 28. Nxh3 Bg7 29. Rb3 b4 30. d6 Kf8 31. Nf4 Rc3 32. Rxb4 Rxb4 33. d7
Rb8 34. d8=Q+ Rxd8 35. Rxd8+ Ke7 36. Ra8 Rc1+ 37. Kg2 Be5 38. Ra4 f5 39. Ra7+
Kf6 40. Rxh7 Bxf4 41. gxf4 Re1 42. e3 Ra1 43. h4 Rb1 44. h5 gxh5 45. Rh6+ Kg7
46. Rxh5 Kg6 47. Rh1 Rb2 48. Re1 Ra2 49. Kg3 Kf6 50. Rb1 Ra8 51. Rb6+ Kf7 52.
Kg2 Rg8+ 53. Kf1 Ra8 54. f3 Ra1+ 55. Kf2 Ra2+ 56. Kg3 Ra3 57. Kf2 Ra2+ 58. Kg3
Ra3 59. Kf2 1/2-1/2

[Event "2BLW 1718 SC Hansa Dortmund - Klub KÃ¶l"]
[Site "?"]
[Date "2017.12.10"]
[Round "4.6"]
[White "Ackermann, Hans Werner"]
[Black "Bayer, Ernst-Wolfgang"]
[Result "0-1"]
[WhiteElo "2270"]
[BlackElo "2251"]
[PlyCount "190"]
[EventDate "2017.??.??"]

1. Nf3 d5 2. g3 c6 3. Bg2 Nf6 4. O-O Bf5 5. d3 h6 6. Nbd2 e6 7. a4 a5 8. c3
Nbd7 9. Re1 Bc5 10. Nd4 Bg6 11. e4 dxe4 12. dxe4 e5 13. N4b3 O-O 14. Nc4 Be7
15. Qc2 Qc7 16. h3 Nc5 17. Nxc5 Bxc5 18. Qe2 Qe7 19. Be3 Nd7 20. g4 Rfd8 21.
Bd2 Nf8 22. Red1 Qc7 23. Be1 Ne6 24. Rxd8+ Rxd8 25. Bd2 f6 26. Bc1 Bf7 27. Bf3
Rd7 28. Kh2 Qd8 29. Bg2 Ba7 30. Ne3 Nf4 31. Qc2 Nd3 32. Bf1 Nxc1 33. Qxc1 Rd2
34. Kg1 Kf8 35. b4 axb4 36. cxb4 Qd4 37. Ra3 Qxb4 38. a5 Bc5 39. Rc3 Bxe3 40.
fxe3 Rb2 41. a6 bxa6 42. Rxc6 Be8 43. Rc8 Qb6 44. Ra8 Rb1 45. Qa3+ Kf7 46. Kf2
Qb2+ 47. Qxb2 Rxb2+ 48. Kg3 Bb5 49. Ra7+ Kg6 50. Bg2 Re2 51. Kf3 Ra2 52. Kg3
Re2 53. Kf3 Rd2 54. Kg3 Rd7 55. Ra8 Kf7 56. h4 Ke7 57. Bf3 Rd8 58. Ra7+ Rd7 59.
Ra8 Rc7 60. Bd1 Kd6 61. Kf3 Kc5 62. Bb3 Kb4 63. Bd5 a5 64. g5 hxg5 65. hxg5
fxg5 66. Kg4 a4 67. Kxg5 Bc6 68. Rb8+ Bb5 69. Ra8 Kc3 70. Kf5 Re7 71. Be6 Kb4
72. Bd5 Bd7+ 73. Kg5 Be6 74. Ra6 Bc8 75. Rc6 Bh3 76. Rb6+ Kc5 77. Rb8 Bf1 78.
Kf5 Bd3 79. Rc8+ Kb4 80. Rb8+ Ka3 81. Ra8 Bc2 82. Bc6 Bb3 83. Bxa4 Bxa4 84. Ra5
Kb4 85. Rxe5 Bd7+ 86. Kf4 Rxe5 87. Kxe5 Kc5 88. Kf4 Kd6 89. Kg5 Be8 90. Kf5 Ke7
91. e5 g6+ 92. Ke4 Bc6+ 93. Kf4 Ke6 94. Kg5 Be4 95. Kf4 Bd3 0-1

[Event "2BLW 1718 SC Hansa Dortmund - Klub KÃ¶l"]
[Site "?"]
[Date "2017.12.10"]
[Round "4.7"]
[White "Ludwig, Peter"]
[Black "Kotter, Ralf"]
[Result "1-0"]
[WhiteElo "2160"]
[BlackElo "2386"]
[PlyCount "125"]
[EventDate "2017.??.??"]

1. Nf3 c5 2. c4 Nc6 3. g3 g6 4. Bg2 Bg7 5. Nc3 d6 6. O-O e6 7. d3 Nge7 8. Bd2
O-O 9. a3 Rb8 10. Rb1 b6 11. b4 Qd7 12. Qc1 Re8 13. Bh6 Bh8 14. bxc5 dxc5 15.
Ne4 f6 16. Bh3 Nf5 17. Bf4 e5 18. Bd2 Qc7 19. Bg2 Bb7 20. Re1 Rbd8 21. Nc3 Nfe7
22. Bh6 Qd7 23. h4 Nd4 24. Ne4 Bc6 25. Kh2 Nxf3+ 26. Bxf3 Nf5 27. Bg4 Qf7 28.
Nc3 Nd4 29. Be3 Bg7 30. Bh3 Nf5 31. Bg2 Bxg2 32. Kxg2 Qb7+ 33. Kg1 Qc6 34. Bd2
Ne7 35. a4 Qe6 36. Kh2 Qf5 37. Kg2 Qh5 38. f3 Qf5 39. a5 Qe6 40. axb6 axb6 41.
Qb2 Rb8 42. Qb5 Red8 43. Ra1 f5 44. Ra7 Bf6 45. Bg5 e4 46. fxe4 Nc8 47. Ra3
Bxg5 48. hxg5 Rb7 49. Rf1 Rf7 50. Ra8 Rdf8 51. Rf3 Qe7 52. Qc6 Nd6 53. Nd5 Qe6
54. Rxf8+ Kxf8 55. e5 Qxe5 56. Re3 Ne4 57. dxe4 fxe4 58. Qc8+ Kg7 59. Qg4 Qa1
60. Nf4 Rf5 61. Rxe4 Qb1 62. Re7+ Kf8 63. Rxh7 1-0

[Event "2BLW 1718 SC Hansa Dortmund - Klub KÃ¶l"]
[Site "?"]
[Date "2017.12.10"]
[Round "4.8"]
[White "Dr. Kalka, Arkadius Georg"]
[Black "Bonnmann, Reinhard"]
[Result "1-0"]
[WhiteElo "2334"]
[BlackElo "2242"]
[PlyCount "101"]
[EventDate "2017.??.??"]

1. c4 g6 2. g3 Bg7 3. Nc3 Nf6 4. Bg2 O-O 5. Nf3 d6 6. O-O Nc6 7. Rb1 e5 8. b4
a6 9. d3 Re8 10. Nd2 Nd4 11. e3 Ne6 12. Bb2 c6 13. Qb3 h5 14. Nf3 Ng4 15. Rbd1
Ng5 16. Nxg5 Qxg5 17. Ne4 Qe7 18. c5 Be6 19. Qc2 d5 20. Nd6 Red8 21. h3 Nh6 22.
e4 d4 23. f4 Rxd6 24. cxd6 Qxd6 25. a3 a5 26. Qc5 Qxc5 27. bxc5 a4 28. fxe5
Bxe5 29. Bc1 Kg7 30. Bf4 f6 31. Rb1 Bb3 32. Bf3 Ra5 33. Bxe5 fxe5 34. Bd1 Rb5
35. Bxb3 axb3 36. a4 Rb4 37. Rfc1 Rxa4 38. Rxb3 Ra2 39. Rxb7+ Kf6 40. Rf1+ Kg5
41. Re7 Ng4 42. hxg4 Kxg4 43. Rxe5 Rd2 44. Rf6 Rxd3 45. Rxg6+ Kf3 46. Rxc6 Kxg3
47. Rf5 Rd1+ 48. Rf1 Rd2 49. Rg6+ Kh3 50. Rf3+ Kh4 51. Rf2 1-0

[Event "2BLW 1718 SG Solingen - Aachener SV"]
[Site "?"]
[Date "2017.12.10"]
[Round "4.1"]
[White "Seel, Christian"]
[Black "Wegerle, Joerg"]
[Result "1/2-1/2"]
[WhiteElo "2475"]
[BlackElo "2421"]
[PlyCount "89"]
[EventDate "2017.??.??"]

1. Nf3 d5 2. d4 Nf6 3. c4 c6 4. e3 Bg4 5. h3 Bxf3 6. Qxf3 e6 7. Bd3 Bd6 8. O-O
Nbd7 9. Nc3 O-O 10. Rd1 Re8 11. Bf1 Qe7 12. Qe2 Rad8 13. e4 Nxe4 14. Nxe4 dxe4
15. Qxe4 Nf6 16. Qc2 c5 17. Be3 Qc7 18. dxc5 Bxc5 19. Bxc5 Qxc5 20. Rab1 a5 21.
a3 Rxd1 22. Rxd1 Kf8 23. Qd2 Ke7 24. b4 axb4 25. axb4 Qc7 26. Qe3 Rd8 27. Rxd8
Qxd8 28. g3 b6 29. Bg2 Qc7 30. c5 bxc5 31. bxc5 h6 32. Qa3 Ne8 33. Kh2 Qe5 34.
Qa7+ Qc7 35. Qa3 Qe5 36. Qb4 g5 37. Qb7+ Nc7 38. c6 h5 39. Qb4+ Qd6 40. Qa5 f6
41. Kg1 Qd1+ 42. Kh2 Qd6 43. Kg1 Qd1+ 44. Bf1 Qd6 45. Bg2 1/2-1/2

[Event "2BLW 1718 SG Solingen - Aachener SV"]
[Site "?"]
[Date "2017.12.10"]
[Round "4.3"]
[White "Vandenbussche, Thibaut"]
[Black "Schaefer, Markus"]
[Result "1-0"]
[WhiteElo "2406"]
[BlackElo "2400"]
[PlyCount "121"]
[EventDate "2017.??.??"]

1. e4 e6 2. d4 d5 3. Nc3 Nf6 4. Bg5 Be7 5. e5 Nfd7 6. Bxe7 Qxe7 7. Nb5 Nf8 8.
c3 Ng6 9. Nf3 a6 10. Na3 c5 11. Nc2 Nc6 12. h4 cxd4 13. cxd4 O-O 14. h5 Nh8 15.
Bd3 f6 16. exf6 Qxf6 17. Qe2 Nf7 18. O-O e5 19. Nxe5 Nfxe5 20. dxe5 Nxe5 21.
Rae1 Nc6 22. Ne3 Be6 23. Bb1 Kh8 24. Qd3 Bg8 25. Nxd5 Qg5 26. Nc7 Rad8 27. Ne6
Rxd3 28. Nxg5 Rd5 29. f4 Rd2 30. b3 Nb4 31. Ne6 Rc8 32. f5 Nd5 33. Be4 b5 34.
Bxd5 Rxd5 35. Rf2 Re8 36. Re3 Bf7 37. g4 Kg8 38. Kg2 Bxe6 39. fxe6 Rd6 40. Rfe2
h6 41. Kg3 Re7 42. g5 hxg5 43. Kg4 Kh7 44. Kxg5 Rd5+ 45. Kg4 Kh6 46. Re5 Rd4+
47. R2e4 Rd2 48. Rf5 g6 49. Rf6 Rxa2 50. Rxg6+ Kh7 51. Rd4 a5 52. Kf5 Re2 53.
Re4 Rf2+ 54. Ke5 Rf8 55. Kd6 Rfe8 56. Rf6 Rg7 57. Rf7 a4 58. bxa4 bxa4 59.
Rxg7+ Kxg7 60. Kd7 Ra8 61. e7 1-0